New Oxford encyclopaedic illustrated dictionary; (Record no. 71222)

MARC details
000 -LEADER
fixed length control field 00777cam a22002411 4500
001 - CONTROL NUMBER
control field sa 66007487
003 - CONTROL NUMBER IDENTIFIER
control field DLC
005 - DATE AND TIME OF LATEST TRANSACTION
control field 20260227112305.0
008 - FIXED-LENGTH DATA ELEMENTS--GENERAL INFORMATION
fixed length control field 870902q19601969ii ab de 000 0 eng
010 ## - LIBRARY OF CONGRESS CONTROL NUMBER
LC control number sa 66007487
025 ## - OVERSEAS ACQUISITION NUMBER
Overseas acquisition number PL480:I-E-6525
035 ## - SYSTEM CONTROL NUMBER
System control number (OCoLC)16631396
040 ## - CATALOGING SOURCE
Original cataloging agency DLC
Transcribing agency WaU
Modifying agency DLC
041 0# - LANGUAGE CODE
Language code of text/sound track or separate title enghinpan
042 ## - AUTHENTICATION CODE
Authentication code premarc
050 00 - LIBRARY OF CONGRESS CALL NUMBER
Classification number PK1936
Item number .N4
245 00 - TITLE STATEMENT
Title New Oxford encyclopaedic illustrated dictionary;
Remainder of title English to English-Hindi & Punjabi with pronunciations.
260 ## - PUBLICATION, DISTRIBUTION, ETC.
Place of publication, distribution, etc. Delhi,
Name of publisher, distributor, etc. New Standard Publications
Date of publication, distribution, etc. [196-]
300 ## - PHYSICAL DESCRIPTION
Extent 492 p.
Other physical details illus., maps.
Dimensions 26 cm.
650 #0 - SUBJECT ADDED ENTRY--TOPICAL TERM
Topical term or geographic name entry element English language
General subdivision Dictionaries
-- Hindi.
650 #0 - SUBJECT ADDED ENTRY--TOPICAL TERM
Topical term or geographic name entry element English language
General subdivision Dictionaries
-- Panjabi.
740 0# - ADDED ENTRY--UNCONTROLLED RELATED/ANALYTICAL TITLE
Uncontrolled related/analytical title Oxford encyclopaedic illustrated dictionary.

No items available.

Powered by Koha